000 00444nam a2200181Ia 4500
005 20250603145113.0
008 250603s9999 xx 000 0 und d
020 _a9781403198914
050 _aHV 5801 .H83/
100 _aHubbard, Ron L.
245 0 _aHumanitarian: rehabilitating a drugged society
260 _aCalifornia
260 _bBridge Publications
260 _c2012
300 _a143 p
650 _aCalifornia
942 _cBK
999 _c40880
_d40880